Le Monde par lettre - S - Statistiques

Statistiques générales
  • Ce quiz a été pris 352 fois
  • Le résultat moyen est 9 sur 15
Statistiques - réponses
Indices Réponses % Correct
Révolutionnaire bolchevik : Joseph _____ Staline
89%
Rappeur : _____ Dogg Snoop
79%
Pays en Amérique du Sud Suriname
78%
Service suédois de streaming musical Spotify
75%
Le deuxième S dans URSS (au pluriel) Soviétiques
71%
Récemment joué par Tom Holland dans No Way Home Spider Man
71%
Chapelle au Vatican Sixtine
69%
Ville habitée par les Simpsons Springfield
67%
Deuxième ville la plus peuplée en Russie Saint-Pétersbourg
66%
Sport le plus joué au monde Soccer
53%
Langue africaine la plus parlée commençant par S Swahili
46%
Capitale de la Californie Sacramento
45%
Deuxième ville la plus peuplée du monde São Paulo
38%
Sixième ville la plus peuplée du monde Séoul
31%
Gentilés de Stockholm Stockholmois
19%
Aucun quiz correspondant
Distribution des résultats
% des personnes avec chaque résultat
Percentile par nombre de réponses
Votre historique - résultats
Vous n’avez pas pris ce quiz